Statistics for Flag Trivia Tile Select

Click here to take the quiz!

General Stats

  • This quiz has been taken 12 times
  • The average score is 65 of 80

Answer Stats

QuestionTileSelect?% Correct
Flags with OrangeChina
100%
Flags with Animals (including Mythical Creatures)North Macedonia
100%
Flags with StarsPoland
100%
Flags with StarsVatican City
100%
Flags with StarsGabon
100%
Flags with TextPakistan
100%
Flags featuring a Coat of ArmsRussia
100%
Flags featuring a Coat of ArmsColombia
100%
Flags with TextUnited Kingdom
100%
Flags featuring a Coat of ArmsBelgium
100%
Flags featuring a Coat of ArmsHungary
100%
Flags with Animals (including Mythical Creatures)Morocco
100%
Flags featuring a Coat of ArmsJamaica
100%
Flags featuring a Coat of ArmsLuxembourg
100%
Flags with Animals (including Mythical Creatures)Mongolia
100%
Flags featuring a Coat of ArmsMauritania
100%
Flags with Animals (including Mythical Creatures)Senegal
100%
Flags with Animals (including Mythical Creatures)Panama
100%
Flags with Animals (including Mythical Creatures)Portugal
100%
Flags with Animals (including Mythical Creatures)South Korea
100%
Flags with TextCambodia
100%
Flags with TextSeychelles
100%
Flags with StarsBarbados
100%
Flags with TextGuinea
100%
Flags with OrangeBrazil
100%
Flags with TextPalau
100%
Flags with OrangeBangladesh
100%
Flags with TextSingapore
100%
Flags with OrangeNorth Korea
100%
Flags with Animals (including Mythical Creatures)Qatar
100%
Flags with StarsNorway
100%
Flags with StarsEgypt
100%
Flags with TextThailand
100%
Flags with OrangeIndia
90%
Flags with OrangeVenezuela
90%
Flags with StarsBulgaria
90%
Flags with OrangeSaint Lucia
90%
Flags with OrangeIreland
90%
Flags featuring a Coat of ArmsKuwait
90%
Flags with OrangeSouth Africa
90%
Flags with OrangeIvory Coast
80%
Flags with OrangeNetherlands
80%
Flags with StarsCyprus
80%
Flags with OrangeArmenia
80%
Flags with StarsVietnam
80%
Flags with StarsAustralia
80%
Flags with StarsIsrael
80%
Flags with OrangeNiger
80%
Flags with Animals (including Mythical Creatures)Dominica
70%
Flags with TextBrazil
70%
Flags with TextSaudi Arabia
70%
Flags featuring a Coat of ArmsHaiti
70%
Flags with Animals (including Mythical Creatures)Uganda
70%
Flags with StarsTurkey
70%
Flags with StarsCameroon
70%
Flags with Animals (including Mythical Creatures)Mexico
70%
Flags featuring a Coat of ArmsNicaragua
60%
Flags with OrangeBhutan
60%
Flags with TextIraq
60%
Flags with OrangeSri Lanka
60%
Flags with TextParaguay
60%
Flags with StarsLiberia
60%
Flags featuring a Coat of ArmsSpain
60%
Flags with StarsNepal
60%
Flags featuring a Coat of ArmsEcuador
60%
Flags featuring a Coat of ArmsSlovakia
60%
Flags featuring a Coat of ArmsSlovenia
60%
Flags with Animals (including Mythical Creatures)Serbia
60%
Flags featuring a Coat of ArmsBelize
60%
Flags with Animals (including Mythical Creatures)Bhutan
60%
Flags featuring a Coat of ArmsSan Marino
60%
Flags with Animals (including Mythical Creatures)Albania
60%
Flags with Animals (including Mythical Creatures)Kiribati
50%
Flags with StarsDjibouti
50%
Flags with TextEl Salvador
50%
Flags with Animals (including Mythical Creatures)Kazakhstan
50%
Flags with TextAfghanistan
50%
Flags with OrangeZambia
50%
Flags with TextAndorra
40%
Flags with TextBrunei
30%

Score Distribution

Percentile by Number Answered

Percent of People with Each Score

Your Score History

You have not taken this quiz